| 000 | 00642nam a2200217Ia 4500 | ||
|---|---|---|---|
| 003 | OSt | ||
| 005 | 20240403163347.0 | ||
| 008 | 210719s2008 xx 000 0 und d | ||
| 040 | _cAL | ||
| 041 | _aKonkani/Kanadi | ||
| 082 | _a891.461 VINA | ||
| 100 |
_aVINCENT DSOUZA _dವಿನ್ಸೆಂಟ್ ಡಿಸೋಜಾ _9158167 |
||
| 245 |
_aAdalo: kavyam dhalo _b ಆದಾಳೊ: ಕಾವ್ಯ೦ ಧಾಳೊ |
||
| 260 |
_aMangalore _c2008 |
||
| 300 |
_a87 _bPB |
||
| 365 |
_b30 _cRs |
||
| 650 |
_aKonkani Literature _9158168 |
||
| 650 |
_aKonkani Poetry _9158169 |
||
| 906 | _aAdalo ; Adalo: ; dhalo ; kavyam | ||
| 942 |
_2ddc _cBK |
||
| 999 |
_c214529 _d214529 |
||